Statistics for The George H. W. Bush Presidency

Click here to take the quiz!

General Stats

  • This quiz has been taken 13,295 times
  • The average score is 16 of 23

Answer Stats

Hint Answer % Correct
Country that the U.S. fought
a war against in 1991
Iraq
92%
His home stateTexas
91%
Son who was Florida's governorJeb
89%
His wife's first nameBarbara
87%
1992 election opponentsBill Clinton
86%
His middle namesWalker
81%
Government agency he led
from 1976-77
CIA
81%
His middle namesHerbert
80%
Decades-long "war" that ended
during his term
Cold War
79%
Code name for the above warOperation {Desert} {Storm}
76%
Name for this warGulf War
73%
Vegetable he hatedBroccoli
73%
His alma materYale
71%
Fill-in-the-blanksRead my lips: no {new} {taxes}
67%
Country, led by Manuel Noriega,
that the U.S. invaded
Panama
66%
Fill-in-the-blanksA kinder, {gentler} nation
65%
His Vice PresidentDan Quayle
64%
1992 election opponentsRoss Perot
58%
1988 election opponentMichael Dukakis
51%
Fill-in-the-blanksA thousand points of {light}
44%
His birth stateMassachusetts
43%
Town in Maine where
his summer home is located
Kennebunkport
39%
His father's first namePrescott
19%

Score Distribution

Percentile by Number Answered

Percent of People with Each Score

Your Score History

You have not taken this quiz